|
|
|
|
| LEADER |
00000nam0a2200000 4500 |
| 001 |
316256 |
| 005 |
20231102002846.0 |
| 035 |
|
|
|a (RuTPU)RU\TPU\book\341694
|
| 090 |
|
|
|a 316256
|
| 100 |
|
|
|a 20160316d1973 km y0rusy50 ca
|
| 101 |
0 |
|
|a rus
|
| 102 |
|
|
|a RU
|
| 105 |
|
|
|a a z 001zy
|
| 200 |
1 |
|
|a Введение в оптическую радиоэлектронику
|f В. А. Смирнов
|
| 210 |
|
|
|a Москва
|c Советское радио
|d 1973
|
| 215 |
|
|
|a 206 с.
|c черт.
|
| 225 |
1 |
|
|a Библиотека радиоинженера "Современная радиоэлектроника"
|v Вып. 9
|
| 320 |
|
|
|a Библиогр.: с. 202-204
|
| 606 |
1 |
|
|a Радиоэлектроника
|2 stltpush
|3 (RuTPU)RU\TPU\subj\69507
|9 84342
|
| 606 |
1 |
|
|a Оптоэлектроника
|2 stltpush
|3 (RuTPU)RU\TPU\subj\47265
|9 66320
|
| 610 |
1 |
|
|a волновая оптика
|
| 610 |
1 |
|
|a электромагнитные волны
|
| 610 |
1 |
|
|a квантовая электроника
|
| 610 |
1 |
|
|a теория излучения
|
| 610 |
1 |
|
|a спектральные линии
|
| 610 |
1 |
|
|a распространение
|
| 610 |
1 |
|
|a атмосфера
|
| 610 |
1 |
|
|a волноводы
|
| 610 |
1 |
|
|a оптические усилители
|
| 610 |
1 |
|
|a оптические генераторы
|
| 610 |
1 |
|
|a резонаторы
|
| 610 |
1 |
|
|a модуляция
|
| 610 |
1 |
|
|a оптические сигналы
|
| 610 |
1 |
|
|a радиосистемы
|
| 675 |
|
|
|a 621.37/.39
|v 4
|
| 675 |
|
|
|a 621.383
|v 4
|
| 700 |
|
1 |
|a Смирнов
|b В. А.
|g Василий Алексеевич
|
| 801 |
|
1 |
|a RU
|b 63413507
|c 20160316
|
| 801 |
|
2 |
|a RU
|b 63413507
|c 20211208
|g RCR
|
| 942 |
|
|
|c BK
|